Lataa...

Politik Und Gesellschaft

Bibliografiset tiedot
Päätekijä: Mickel Kampmann and Wiegand
Aineistotyyppi: Printed Book
Julkaistu: Fankfurt Hirschgraben Verlag
LEADER 00428nam a22001337a 4500
020 |a 3454592003 
082 |a 320  |b MIC 
100 |a Mickel  |a Kampmann and Wiegand 
245 |a Politik Und Gesellschaft 
246 |a Politics and society 
260 |a Fankfurt  |b Hirschgraben Verlag 
942 |c BK 
999 |c 316578  |d 316578 
952 |0 0  |1 0  |4 0  |6 320_000000000000000_MIC  |7 0  |9 338586  |a GER  |b GER  |d 2020-12-03  |l 0  |o 320 MIC  |p GER9871  |r 2020-12-03  |w 2020-12-03  |y BK